1085 1238 1456 1208 1610 1500 1904 1887 1180 1076 1936 1219 1572 1560 1111 1181 1159 1861 1578 1708 1754 1590 1009 1222 1926 1735 1813 1339 1362 1981 1532 1670 1582 1307 1600 1349 1222 1009 1415 1422 1531 1201 1110 1729 1439 1947 1872 1662 1147 1614 1985 1099 1902 1439 1342 1658 1018 1217 1400 1601 1655 1811 1163 1980 1442 1057 1557 1634 1266 1775 1934 1482 1292 1080 1645 1532 1228 1826 1815 1702 1398 1684 1917 1413 1389 1792 1621 1274 1973 1605 1035 1917 1478 1656 1546 1550 1117 1899 1550 BCNSPRNW ULIB Ver.6.0+V

เปลี่ยนเป็นภาษาไทย

Change to English
 แสดงรายละเอียดบรรณานุกรม
  กลับหน้าหลัก

Brief Record : Get Marc (ISO 2709) : E-mail record : QR code < ปิดหน้าต่าง
LEADER : 00000nam 2200000uu 4500
001    13399127263
003     ULIB
008    200316s2562||||th 000 0 tha d
020    ^a9786164433151
060    ^aWM34^bย231
100    ^aนิดา ลิ้มสุวรรณ, บรรณาธิการ
245    ^a20 เรื่องน่ารู้เพื่อสุขภาพจิตที่ดีของคนในครอบครัว
260    ^aกรุงเทพฯ :^bโครงการตำรารามาธิบดี คณะแพทยศาสตร์ โรงพยาบาลรามาธิบดี มหาวิทยาลัยมหิดล,^c2562
300    ^a96 หน้า :^bภาพประกอบ ;^c21 ซม.
500    ^a คู่มือความรู้ภาคประชาชน เรื่อง 20 เรื่องน่ารู้เพื่อสุขภาพจิตที่ดีของคนในครอบครัว
650    ^aสุขภาพจิต
650    ^aครอบครัว -- สุขภาพจิต
945    ^p150^l0^i006570
945    ^p150^l0^i006571
945    ^p150^l0^i006572
945    ^p150^l0^i006573
945    ^p150^l0^i006574
999    ^aประนอม เกษจรัล
รายการนี้ยังไม่มีแท็ก
คุณยังไม่ได้ล็อกอิน คุณสามารถมีกิจกรรมร่วมกับเว็บไซต์ได้ แต่ต้องล็อกอินก่อน ::
  ล็อกอิน

รายการสื่อสารสนเทศ

ลำดับที่ ประเภท เลขเรียก/บาร์โค้ด สถานที่ สถานะ
1. วิทยาศาสตร์การแพทย์ และสุขภาพ
หนังสือสำรอง
สถานะ=หนังสือสำรอง
WM34 ย231 ฉ.1 
  Barcode: 006570
ห้องสมุดวิทยาเขตสวรรค์ประชารักษ์
►หนังสือทั่วไป
บนชั้น
2. วิทยาศาสตร์การแพทย์ และสุขภาพ
วิทยาศาสตร์การแพทย์ และสุขภาพ
WM34 ย231 ฉ.2 
  Barcode: 006571
ห้องสมุดวิทยาเขตสวรรค์ประชารักษ์
►หนังสือทั่วไป
บนชั้น
3. วิทยาศาสตร์การแพทย์ และสุขภาพ
วิทยาศาสตร์การแพทย์ และสุขภาพ
WM34 ย231 ฉ.3 
  Barcode: 006572
ห้องสมุดวิทยาเขตสวรรค์ประชารักษ์
►หนังสือทั่วไป
บนชั้น
4. วิทยาศาสตร์การแพทย์ และสุขภาพ
วิทยาศาสตร์การแพทย์ และสุขภาพ
WM34 ย231 ฉ.4 
  Barcode: 006573
ห้องสมุดวิทยาเขตสวรรค์ประชารักษ์
►หนังสือทั่วไป
บนชั้น
5. วิทยาศาสตร์การแพทย์ และสุขภาพ
วิทยาศาสตร์การแพทย์ และสุขภาพ
WM34 ย231 ฉ.5 
  Barcode: 006574
ห้องสมุดวิทยาเขตสวรรค์ประชารักษ์
►หนังสือทั่วไป
บนชั้น

รายการใกล้เคียง
    ชื่อเรื่อง [20 เรื่องน่ารู้เพื่อสุขภาพจิตที่ดีของคนในครอบครัว]

    ผู้แต่ง [นิดา ลิ้มสุวรรณ, บรรณาธิการ]

    หัวเรื่อง [สุขภาพจิต]
    หัวเรื่อง [ครอบครัว -- สุขภาพจิต]

BibComment


ยังไม่เคยถูกคอมเมนท์

คอมเมนท์ทรัพยากรรายการนี้
  คอมเมนท์: 20 เรื่องน่ารู้เ..


 Copyright 2026. Bcnsprnw @Library